<The> quality freeway.

Integrácia nástrojov a metód na zabezpečenie akosti do plynulého procesu. Proces je rozdelený do 6 krokov, ktoré sa popisujú v nadväznosti na uplatnené metódy. Systém (nazvaný diaľnica akosti) má mať univerzálne uplatnenie.

Guardado en:
Detalles Bibliográficos
Autor principal: Goodman, A.L
Formato: Capítulo de libro
Lenguaje:inglés
Materias:
Etiquetas: Agregar Etiqueta
Sin Etiquetas, Sea el primero en etiquetar este registro!

MARC

LEADER 00000naa a2200000 4500
001 r002118
005 20220909074004.3
041 0 |a eng 
044 |a US 
245 1 0 |a <The> quality freeway.  |c A.L. Goodman 
520 |a Integrácia nástrojov a metód na zabezpečenie akosti do plynulého procesu. Proces je rozdelený do 6 krokov, ktoré sa popisujú v nadväznosti na uplatnené metódy. Systém (nazvaný diaľnica akosti) má mať univerzálne uplatnenie. 
610 2 0 |a kvalita 
610 2 0 |a riadenie kvality 
610 2 0 |a metódy štatistické 
610 2 0 |a testy 
610 2 0 |a diagramy 
100 1 |a Goodman, A.L.